LEADER 01053naa a2200241 u 4500 001 000000096677 003 CaOOAMICUS 005 20070226130147.0 008 041108s2003 nz u000 u eng u 020 $a1-877332-09-7 035 $a11014382 040 $aEFR$bita 245 04$aThe tragedy of Nero's wife :$bstudies on the Octavia Praetexta /$cedited by Marcus Wilson. 260 $aAuckland :$bUniversity of Auckland,$cc2003. 300 $a159 p. ;$c21 cm 504 $aIncludes bibliography. 600 00$aOctavia,$cwife of the Emperor Nero,$dca. 42-62$xIn literature.$2//eng$0(OLS)http://pul/subject/30527 700 1 $aWilson, Marcus.$0(OLS)http://pul/name/61561 730 0 $aPrudentia$g[Spogli].$0(OLS)http://pul/title/54957 773 0 $tPrudentia$x0110-487X$gv. 35 : n. 1 (2003)$w()40760 996 $6020$a1-877332-09-7$9(OLS)http://pul/number/126230 996 $6245$aThe tragedy of Nero's wife :$bstudies on the Octavia Praetexta$9(OLS)http://pul/title/123559 996 $6260$aAuckland :$bUniversity of Auckland$9(OLS)http://pul/publisher/79153 LEADER 01560nam a2200313 a 4500 001 000000157302 003 CaOOAMICUS 005 20161212090609.0 008 161212s2016 gw a u000 u ger r 020 $a978-3-579-02682-4* 032 $aLibriCat 040 $aPUL$bita 100 1 $aBuber, Martin,$d1878-1965.$0(OLS)http://pul/name/5557 245 10$aSchriften zu Literatur, Theater und Kunst Lyrik, Autobiographie und Drama /$cMartin Buber ; Herausgegeben, eingeleitet und kommentiert von Emily D. Bilski ... [et al.]. 260 $aGütersloh :$bGütersloher Verlagshaus,$c©2016. 300 $a911 p. :$bill. ;$c23 cm. 490 1 $aMartin Buber Werkausgabe ;$v07 504 $aInclude riferimenti bibliografici ed indice. 600 14$aBuber, Martin,$d1878-1965.$0(OLS)http://pul/subject/15918 700 1 $aBilski, Emily D.$0(OLS)http://pul/name/100343 800 1 $aBuber, Martin,$d1878-1965.$tOpere.$0(OLS)http://pul/nameTitle/1137$0(OLS)http://pul/name/5557$0(OLS)http://pul/title/5258 830 0$aMartin Buber Werkausgabe ;$v07.$0(OLS)http://pul/title/151025 850 $aPUL 852 $aPUL$W1$xSL Religione 1$y3$m7(1) M 8.7$j180600$qStampati$B183720$CPULBib$Z2$F183720 $H128596 $81 941 1 $a8 996 $6020$a978-3-579-02682-4*$9(OLS)http://pul/number/161678 996 $6245$aSchriften zu Literatur, Theater und Kunst Lyrik, Autobiographie und Drama$9(OLS)http://pul/title/196906 996 $6260$aGütersloh :$bGütersloher Verlagshaus$9(OLS)http://pul/publisher/67356